<?xml version="1.0" encoding="UTF-8"?>
<collection xmlns="http://www.loc.gov/MARC21/slim">
 <record>
  <leader>02200cam a2200421  a4500</leader>
  <controlfield tag="001">1082423858</controlfield>
  <controlfield tag="003">DE-627</controlfield>
  <controlfield tag="005">20200414142617.0</controlfield>
  <controlfield tag="007">tu</controlfield>
  <controlfield tag="008">870108n19uuuuuuxx ||||| c    00| ||ger c</controlfield>
  <datafield tag="015" ind1=" " ind2=" ">
   <subfield code="a">86,N01,0001</subfield>
   <subfield code="2">dnb</subfield>
  </datafield>
  <datafield tag="015" ind1=" " ind2=" ">
   <subfield code="a">86,A22,0010</subfield>
   <subfield code="2">dnb</subfield>
  </datafield>
  <datafield tag="016" ind1="7" ind2=" ">
   <subfield code="a">551102802</subfield>
   <subfield code="2">DE-101</subfield>
  </datafield>
  <datafield tag="035" ind1=" " ind2=" ">
   <subfield code="a">(DE-627)1082423858</subfield>
  </datafield>
  <datafield tag="035" ind1=" " ind2=" ">
   <subfield code="a">(DE-576)012423858</subfield>
  </datafield>
  <datafield tag="035" ind1=" " ind2=" ">
   <subfield code="a">(DE-599)DNB551102802</subfield>
  </datafield>
  <datafield tag="040" ind1=" " ind2=" ">
   <subfield code="a">DE-627</subfield>
   <subfield code="b">ger</subfield>
   <subfield code="c">DE-627</subfield>
   <subfield code="e">rakwb</subfield>
  </datafield>
  <datafield tag="041" ind1=" " ind2=" ">
   <subfield code="a">ger</subfield>
   <subfield code="a">ita</subfield>
  </datafield>
  <datafield tag="084" ind1=" " ind2=" ">
   <subfield code="a">LH 27730</subfield>
   <subfield code="2">rvk</subfield>
   <subfield code="0">(DE-625)rvk/92829:</subfield>
  </datafield>
  <datafield tag="084" ind1=" " ind2=" ">
   <subfield code="a">AA 39300</subfield>
   <subfield code="2">rvk</subfield>
   <subfield code="0">(DE-625)rvk/11:4561</subfield>
  </datafield>
  <datafield tag="110" ind1="2" ind2=" ">
   <subfield code="a">Bibliotheca Hertziana</subfield>
   <subfield code="g">Rom</subfield>
   <subfield code="0">(DE-588)1001520-6</subfield>
   <subfield code="0">(DE-627)102973644</subfield>
   <subfield code="0">(DE-576)191141348</subfield>
   <subfield code="4">aut</subfield>
  </datafield>
  <datafield tag="245" ind1="1" ind2="0">
   <subfield code="a">Kataloge der Bibliotheca Hertziana in Rom (Max-Planck-Institut)</subfield>
  </datafield>
  <datafield tag="264" ind1=" " ind2="1">
   <subfield code="a">Wiesbaden</subfield>
   <subfield code="b">Reichert</subfield>
   <subfield code="c">19XX-</subfield>
  </datafield>
  <datafield tag="336" ind1=" " ind2=" ">
   <subfield code="a">Text</subfield>
   <subfield code="b">txt</subfield>
   <subfield code="2">rdacontent</subfield>
  </datafield>
  <datafield tag="337" ind1=" " ind2=" ">
   <subfield code="a">ohne Hilfsmittel zu benutzen</subfield>
   <subfield code="b">n</subfield>
   <subfield code="2">rdamedia</subfield>
  </datafield>
  <datafield tag="338" ind1=" " ind2=" ">
   <subfield code="a">Band</subfield>
   <subfield code="b">nc</subfield>
   <subfield code="2">rdacarrier</subfield>
  </datafield>
  <datafield tag="515" ind1=" " ind2=" ">
   <subfield code="a">Mit sämtlichen Unterabteilungen abgeschlossen</subfield>
  </datafield>
  <datafield tag="655" ind1=" " ind2="7">
   <subfield code="a">Katalog</subfield>
   <subfield code="0">(DE-588)4163417-2</subfield>
   <subfield code="0">(DE-627)105454966</subfield>
   <subfield code="0">(DE-576)209880899</subfield>
   <subfield code="2">gnd-content</subfield>
  </datafield>
  <datafield tag="689" ind1="0" ind2="0">
   <subfield code="d">b</subfield>
   <subfield code="0">(DE-588)1001520-6</subfield>
   <subfield code="0">(DE-627)102973644</subfield>
   <subfield code="0">(DE-576)191141348</subfield>
   <subfield code="a">Bibliotheca Hertziana</subfield>
   <subfield code="g">Rom</subfield>
   <subfield code="2">gnd</subfield>
  </datafield>
  <datafield tag="689" ind1="0" ind2=" ">
   <subfield code="5">(DE-627)</subfield>
  </datafield>
  <datafield tag="787" ind1="0" ind2="8">
   <subfield code="i">Rezensiert in</subfield>
   <subfield code="a">Lietzmann, Hilda, 1925 - 2008</subfield>
   <subfield code="t">[Rezension von: Kataloge der Bibliotheca Hertziana in Rom (Max-Planck-Institut)]</subfield>
   <subfield code="d">Nürnberg : Carl, 1986</subfield>
   <subfield code="w">(DE-627)1694484017</subfield>
  </datafield>
  <datafield tag="889" ind1=" " ind2=" ">
   <subfield code="w">(DE-576)446812218</subfield>
  </datafield>
  <datafield tag="936" ind1="r" ind2="v">
   <subfield code="a">LH 27730</subfield>
   <subfield code="b">Rom</subfield>
   <subfield code="k">Kunstgeschichte</subfield>
   <subfield code="k">Allgemeines. Allgemeine Kunstgeschichte</subfield>
   <subfield code="k">Lexika, Bibliografien, Bibliothekskataloge</subfield>
   <subfield code="k">Kataloge kunstwissenschaftlicher Bibliotheken</subfield>
   <subfield code="k">Orte R</subfield>
   <subfield code="k">Rom</subfield>
   <subfield code="0">(DE-627)1271286203</subfield>
   <subfield code="0">(DE-625)rvk/92829:</subfield>
   <subfield code="0">(DE-576)201286203</subfield>
  </datafield>
  <datafield tag="936" ind1="r" ind2="v">
   <subfield code="a">AA 39300</subfield>
   <subfield code="b">Neuguinea</subfield>
   <subfield code="k">Allgemeines</subfield>
   <subfield code="k">Bibliografien der Bibliografien, Universalbibliografien, Bibliothekskataloge, Nationalbibliografien</subfield>
   <subfield code="k">Gesamtkataloge und Zentralkataloge, die Universalbibliografien ersetzen, sowie sonstige übergreifende Bibliothekskataloge</subfield>
   <subfield code="k">Bibliothekskataloge anderer Bibliotheken</subfield>
   <subfield code="k">Ozeanien</subfield>
   <subfield code="k">Neuguinea</subfield>
   <subfield code="0">(DE-627)1272710440</subfield>
   <subfield code="0">(DE-625)rvk/11:4561</subfield>
   <subfield code="0">(DE-576)202710440</subfield>
  </datafield>
  <datafield tag="951" ind1=" " ind2=" ">
   <subfield code="a">MC</subfield>
  </datafield>
  <datafield tag="990" ind1=" " ind2=" ">
   <subfield code="a">Bibliotheca Hertziana</subfield>
  </datafield>
  <datafield tag="991" ind1=" " ind2=" ">
   <subfield code="a">Rezensiertes Werk</subfield>
  </datafield>
  <datafield tag="999" ind1=" " ind2=" ">
   <subfield code="a">KXP-PPN1082423858</subfield>
   <subfield code="e">401240797X</subfield>
  </datafield>
 </record>
</collection>
